01182nam a2200193Ia 4500001001000000003001000010008004100020040002500061041001300086100004200099245007400141250001100215260006200226300002800288500026200316501011400578520026200692650003400954L235-7321IT-CnALBA170116s9999||||xx |||||||||||||| ||und|| aIT-CnALBAcIT-CnALBA aITALIANO aGUERANGER PROSPERO, ABATE DI SOLESMES 0aSULLO IMMACOLATO CONCEPIMENTO DI MARIA VERGINE. ORAZIONE PANEGIRICA.  a1a ed. aMILANObWILMANT CLAUDIO, TIPOGRAFIA c1855 [1° Ed.:1855] a148 p. (prefazione: 78) aIMMACOLATA CONCEZIONE DI MARIA. IMPORTANZA DELLA DOTTRINA SULL'IMMACOLATA. LA CHIESA E L'IMMACOLATA. CONSEGUENZA DELLA EVOLUZIONE DELLA DOTTRINA DELLA CHIESA. FONTI DELLA DOTTRINA. DECISIONE SOLENNE DELLA CHIESA. AUTORITÀ DEL GIUDIZIO DELLA CHIESA. FORMA  aSocietà San Paolo EM - Piazza San Paolo, 14 - 12051 ALBA (CN) (non commercial uses only) ® Copyright 2017 aIMMACOLATA CONCEZIONE DI MARIA. IMPORTANZA DELLA DOTTRINA SULL'IMMACOLATA. LA CHIESA E L'IMMACOLATA. CONSEGUENZA DELLA EVOLUZIONE DELLA DOTTRINA DELLA CHIESA. FONTI DELLA DOTTRINA. DECISIONE SOLENNE DELLA CHIESA. AUTORITÀ DEL GIUDIZIO DELLA CHIESA. FORMA  aMARIA SS. ANGELI SANTI DEMONI